[Event "Thematic Tarrasch Memorial"]
[Site "SchemingMind.com"]
[Date "2009.02.26"]
[Round "-"]
[White "badbishop"]
[Black "smothered mate"]
[Result "1-0"]
[WhiteCountry "POL"]
[BlackCountry "POL"]
[WhiteElo "2234"]
[WhiteRD "74"]
[BlackElo "1894"]
[BlackRD "66"]
[GameID "193974"]

1. d4 d5 2. c4 e6 3. Nc3 c5 4. cxd5 exd5 5. Nf3 Nc6 6. Bf4 Nf6 7. e3 cxd4 8. Nxd4 Bb4 9. Bb5 Bd7 10. O-O O-O
11. Rc1 Rc8 12. Nxc6 Bxc6 13. Be2 Re8 14. Qd4 Bxc3 15. Rxc3 Re4 16. Qd1 Qb6 17. Bd3 Rb4 18. Be5 Qd8 19. Bd4 Ne4 20. Bxe4 dxe4
21. Qg4 g6 22. h4 h5 23. Qf4 Rxd4 24. exd4 Qxd4 25. Re1 Rd8 26. Rc2 Rd5 27. Qe3 Qd3 28. Rec1 Qxe3 29. fxe3 Kg7 30. Kf2 Kf6
31. b3 Rd6 32. Ke1 g5 33. Rc5 gxh4 34. Rxh5 Rd3 35. Ke2 Kg6 36. Rxh4 Bb5 37. Kf2 f5 38. Rch1 Rd2+ 39. Kg3 Rxa2 40. Rh7 Bc6
41. Kf4 Rf2+ 42. Ke5 Rb2 43. R1h6+ Kg5 44. Rf6 Rxb3 45. Rg7+ Kh5 46. Kf4
1-0

[Event "Thematic Tarrasch Memorial"]
[Site "SchemingMind.com"]
[Date "2009.02.28"]
[Round "-"]
[White "smothered mate"]
[Black "badbishop"]
[Result "0-1"]
[WhiteCountry "POL"]
[BlackCountry "POL"]
[WhiteElo "1888"]
[WhiteRD "67"]
[BlackElo "2240"]
[BlackRD "74"]
[GameID "193975"]

1. d4 d5 2. c4 e6 3. Nc3 c5 4. cxd5 exd5 5. Nf3 Nc6 6. g3 Nf6 7. Bg2 Be7 8. O-O O-O 9. Bg5 c4 10. Ne5 Be6
11. Nxc6 bxc6 12. b3 Qa5 13. Qc2 Rfd8 14. Rfd1 Rac8 15. bxc4 dxc4 16. Ne4 Rd7 17. Nxf6+ gxf6 18. Bh6 Qh5 19. Be3 Bg4 20. f3 Be6
21. Bf2 c5 22. g4 Qh6 23. dxc5 Bxc5 24. Bxc5 Rxc5 25. Qc3 Rxd1+ 26. Rxd1 Kg7 27. Rd4 Rb5 28. Rd1 Qg5 29. e3 Qe5 30. Rd4 Rb1+
31. Bf1 Bd5 32. f4 Qe6 33. h3 h5 34. Kf2 hxg4 35. e4 Bxe4 36. hxg4 Bd5 37. Bxc4 Bxc4 38. Rxc4 Qxg4 39. Qc2 Qg1+ 40. Kf3 Rf1+
41. Ke4 Re1+ 42. Kd5 Rd1+ 43. Ke4 f5+ 44. Ke5 Qe3+ 45. Kxf5 Qe6+ 46. Kg5 Rg1+
0-1

[Event "Thematic Tarrasch Memorial"]
[Site "SchemingMind.com"]
[Date "2009.03.02"]
[Round "-"]
[White "waldron"]
[Black "badbishop"]
[Result "1-0"]
[WhiteCountry "USA"]
[BlackCountry "POL"]
[WhiteElo "2235"]
[WhiteRD "66"]
[BlackElo "2224"]
[BlackRD "72"]
[GameID "193978"]

1. d4 d5 2. c4 e6 3. Nc3 c5 4. cxd5 exd5 5. Nf3 Nc6 6. g3 Nf6 7. Bg2 Be7 8. O-O O-O 9. Bg5 cxd4 10. Nxd4 h6
11. Be3 Re8 12. Rc1 Bf8 13. Nxc6 bxc6 14. Na4 Bd7 15. Bc5 Bxc5 16. Nxc5 Bg4 17. f3 Bf5 18. Qd2 Qb6 19. Rf2 Rab8 20. Qf4 Bg6
21. e3 Rbd8 22. Qd4 Rb8 23. Bh3 Re7 24. Rc3 Rbe8 25. b4 a5 26. bxa5 Qxa5 27. Rb2 Qa7 28. a4 Bh5 29. Kf2 Bg6= 30. Rcb3 Qa8
31. Qb4 Qa7 32. a5 Nh7 33. Qb6 Ng5 34. Bf1 Qa8 35. Ba6 d4 36. exd4 Bf5 37. Qb8
1-0

[Event "Thematic Tarrasch Memorial"]
[Site "SchemingMind.com"]
[Date "2009.03.02"]
[Round "-"]
[White "waldron"]
[Black "smothered mate"]
[Result "1-0"]
[WhiteCountry "USA"]
[BlackCountry "POL"]
[WhiteElo "2257"]
[WhiteRD "67"]
[BlackElo "1904"]
[BlackRD "58"]
[GameID "193979"]

1. d4 d5 2. c4 e6 3. Nc3 c5 4. cxd5 exd5 5. Nf3 Nc6 6. g3 Nf6 7. Bg2 Be7 8. O-O O-O 9. Bg5 c4 10. Ne5 Be6
11. Nxc6 bxc6 12. b3 Qa5 13. Qc2 Rac8 14. bxc4 dxc4 15. Ne4 Rfd8 16. Rfd1 Qf5 17. Bxf6 gxf6 18. Qc3 Bd5 19. Nd2 Bxg2 20. Kxg2 Qd5+
21. Nf3 f5 22. Rac1 Bg5 23. e3 Qe4 24. Qxc4 Be7 25. Qd3 Rd7 26. Qxe4 fxe4 27. Ne5 Rdc7 28. f3 f5 29. fxe4 fxe4 30. Rf1 Bd6
31. Nc4 Be7 32. Rf4 c5 33. d5 Rd8 34. Rd1
1-0

[Event "Thematic Tarrasch Memorial"]
[Site "SchemingMind.com"]
[Date "2009.03.02"]
[Round "-"]
[White "badbishop"]
[Black "waldron"]
[Result "1/2-1/2"]
[WhiteCountry "POL"]
[BlackCountry "USA"]
[WhiteElo "2224"]
[WhiteRD "72"]
[BlackElo "2235"]
[BlackRD "66"]
[GameID "193980"]

1. d4 d5 2. c4 e6 3. Nc3 c5 4. cxd5 exd5 5. Nf3 Nf6 6. Bg5 cxd4 7. Bxf6 Qxf6 8. Nxd5 Qd8 9. Qxd4 Nc6 10. Qe4+ Be6
11. O-O-O Rc8 12. Nc3 Qf6 13. e3 Ba3 14. Kb1 O-O 15. Nd4 Nxd4 16. Qxd4 Be7 17. Qxf6 Bxf6 18. Nd5 Bxd5 19. Rxd5 Rfd8 20. Rd3 Kf8
21. Be2 Rxd3= 22. Bxd3 h5 23. Rd1 Rd8 24. Kc2 Rc8+= 25. Kb3 Rc6 26. Ka3 h4 27. h3 Rb6 28. b3 Rd6 29. b4 Ke7 30. Kb3 g6
31. a4 Rd8 32. a5 Be5 33. Rd2 g5 34. Kc4 Rc8+ 35. Kd5 Bc3 36. Rc2 Rd8+ 37. Ke4=
1/2-1/2

[Event "Thematic Tarrasch Memorial"]
[Site "SchemingMind.com"]
[Date "2009.03.02"]
[Round "-"]
[White "smothered mate"]
[Black "waldron"]
[Result "0-1"]
[WhiteCountry "POL"]
[BlackCountry "USA"]
[WhiteElo "1869"]
[WhiteRD "55"]
[BlackElo "2241"]
[BlackRD "65"]
[GameID "193981"]

1. d4 d5 2. c4 e6 3. Nc3 c5 4. cxd5 exd5 5. Nf3 Nf6 6. g3 Nc6 7. Bg2 Be7 8. O-O O-O 9. Bg5 cxd4 10. Nxd4 h6
11. Be3 Re8 12. Rc1 Bg4 13. Qd2 Qd7 14. Rfd1 Bh3 15. Bh1 Ne5 16. b3 Ba3 17. Rc2 a6 18. Na4 Qd6 19. Nf3 Bf5 20. Bc5 Bxc5
21. Rxc5 b5 22. Nxe5 bxa4 23. Rxd5 Nxd5 24. Nc4 Qc5 25. Bxd5 Rad8 26. b4 Qb5 27. f3 Be6 28. Ne3 Rd7 29. Kf2 Red8
0-1

[Event "Thematic Tarrasch Memorial"]
[Site "SchemingMind.com"]
[Date "2009.02.28"]
[Round "-"]
[White "riverriver"]
[Black "badbishop"]
[Result "0-1"]
[WhiteCountry "USA"]
[BlackCountry "POL"]
[WhiteElo "1830"]
[WhiteRD "68"]
[BlackElo "2287"]
[BlackRD "80"]
[GameID "194187"]

1. d4 d5 2. c4 e6 3. Nc3 c5 4. cxd5 exd5 5. Nf3 Nc6 6. g3 Nf6 7. Bg2 Be7 8. O-O O-O 9. dxc5 Bxc5 10. Bg5 d4
11. Bxf6 Qxf6 12. Nd5 Qd8 13. Nd2 Re8 14. Qa4 Rxe2 15. Nc4 d3 16. Nf4 Nd4 17. Nxe2 dxe2 18. Rfe1 b5 19. Qa5 Be6 20. Bxa8 Qxa8
21. Ne5 Bh3
0-1

[Event "Thematic Tarrasch Memorial"]
[Site "SchemingMind.com"]
[Date "2009.02.26"]
[Round "-"]
[White "riverriver"]
[Black "smothered mate"]
[Result "0-1"]
[WhiteCountry "USA"]
[BlackCountry "POL"]
[WhiteElo "1683"]
[WhiteRD "68"]
[BlackElo "1914"]
[BlackRD "62"]
[GameID "194188"]

1. d4 d5 2. c4 e6 3. Nc3 c5 4. cxd5 exd5 5. Nf3 Nc6 6. g3 Nf6 7. Bg2 Be7 8. O-O O-O 9. Bg5 Bg4 10. dxc5 d4
11. Na4 Bxf3 12. Bxf3 Rc8 13. Bxf6 Bxf6 14. b4 Nxb4 15. Bxb7 Rc7 16. Bg2 Qe8 17. Qb3 a5 18. Rae1 Qe7 19. a3 Na6 20. Rc1 Nxc5
21. Nxc5 Rxc5 22. Rxc5 Qxc5 23. a4 Be5 24. e3 Rb8 25. exd4 Qxd4 26. Qd5 Qxd5 27. Bxd5 Kf8 28. f4 Bd4+ 29. Kh1 Rb2 30. Rd1= Bc3
31. Bc6= Ke7 32. Rd7+ Ke6 33. Ra7 h6 34. Bd7+ Kd6 35. Be8 f5 36. Bg6 Ra2 37. Bxf5 Rxa4 38. Rd7+= Kc5
0-1

[Event "Thematic Tarrasch Memorial"]
[Site "SchemingMind.com"]
[Date "2009.03.02"]
[Round "-"]
[White "riverriver"]
[Black "waldron"]
[Result "0-1"]
[WhiteCountry "USA"]
[BlackCountry "USA"]
[WhiteElo "1830"]
[WhiteRD "68"]
[BlackElo "2241"]
[BlackRD "65"]
[GameID "194189"]

1. d4 d5 2. c4 e6 3. Nc3 c5 4. cxd5 exd5 5. Nf3 Nf6 6. Bg5 Be6 7. e3 Nc6 8. Be2 Be7 9. O-O cxd4 10. Nxd4 O-O
11. Rc1 Rc8 12. Qb3 Nxd4 13. exd4 Ne4 14. Nxe4 dxe4 15. Bxe7 Qxe7 16. Qa4 Qg5 17. g3 Rxc1 18. h4 Rxf1+ 19. Bxf1 Qc1 20. Qxa7 Bh3
0-1

[Event "Thematic Tarrasch Memorial"]
[Site "SchemingMind.com"]
[Date "2009.03.03"]
[Round "-"]
[White "badbishop"]
[Black "riverriver"]
[Result "1-0"]
[WhiteCountry "POL"]
[BlackCountry "USA"]
[WhiteElo "2285"]
[WhiteRD "86"]
[BlackElo "1881"]
[BlackRD "72"]
[GameID "194190"]

1. d4 d5 2. c4 e6 3. Nc3 c5 4. cxd5 cxd4 5. Qa4+ Nd7 6. Qxd4 Bc5 7. Qxg7 Qf6 8. Qxf6 Ngxf6 9. dxe6 fxe6 10. Nf3 Nb6
11. e3 Bd7 12. Be2 O-O-O 13. O-O Rhg8 14. a3 Rg6 15. b4 Bd6 16. Bb2 Rdg8 17. g3 e5 18. Rfd1
1-0

[Event "Thematic Tarrasch Memorial"]
[Site "SchemingMind.com"]
[Date "2009.02.26"]
[Round "-"]
[White "smothered mate"]
[Black "riverriver"]
[Result "1-0"]
[WhiteCountry "POL"]
[BlackCountry "USA"]
[WhiteElo "1904"]
[WhiteRD "58"]
[BlackElo "1700"]
[BlackRD "63"]
[GameID "194191"]

1. d4 d5 2. c4 e6 3. Nc3 c5 4. cxd5 cxd4 5. Qxd4 Nc6 6. Qd1 exd5 7. Qxd5 Be6 8. Qxd8+ Rxd8 9. e3 Nb4 10. Bb5+ Bd7
11. Ke2 Nf6 12. Nf3 Bc5 13. a3 Nbd5 14. Bxd7+ Rxd7 15. Nxd5 Nxd5 16. Bd2 O-O 17. Rhc1 Bb6 18. Rc4 Rfd8 19. Rac1 Nc7 20. R1c2 h6
21. a4 Ne6 22. a5 Bc7 23. b4 b5 24. Rc6 Re7 25. g3 Bd6 26. Kd1 Nc7 27. Nd4 Nd5 28. Nf5 Red7 29. Nxd6
1-0

[Event "Thematic Tarrasch Memorial"]
[Site "SchemingMind.com"]
[Date "2009.03.03"]
[Round "-"]
[White "waldron"]
[Black "riverriver"]
[Result "1-0"]
[WhiteCountry "USA"]
[BlackCountry "USA"]
[WhiteElo "2257"]
[WhiteRD "67"]
[BlackElo "1700"]
[BlackRD "63"]
[GameID "194192"]

1. d4 d5 2. c4 e6 3. Nc3 c5 4. cxd5 cxd4 5. Qa4+ Nd7 6. Qxd4 e5 7. Qa4 Nf6 8. Nf3 Bd6 9. e4 O-O 10. Be2 Nc5
11. Qc2 Qc7 12. Nb5 Qa5+ 13. Bd2 Qd8 14. Nxd6 Qxd6 15. Ng5 h6 16. b4 Ncd7 17. Nf3 Ng4 18. O-O Ndf6 19. h3 Nxd5 20. exd5 Nf6
21. Be3 Nxd5 22. Bc5 Nxb4 23. Qc4 Qf6 24. Bxf8 Nc6 25. Ba3 Na5 26. Qc7 Nc6 27. Bb2 Qg6 28. Nxe5 Nxe5 29. Qxe5 Bxh3 30. Bf3 f6
31. Qd5+ Kh7 32. Rac1
1-0

[Event "Thematic Tarrasch Memorial"]
[Site "SchemingMind.com"]
[Date "2009.03.06"]
[Round "-"]
[White "marekj"]
[Black "riverriver"]
[Result "1-0"]
[WhiteCountry "INT"]
[BlackCountry "USA"]
[WhiteElo "2176"]
[WhiteRD "88"]
[BlackElo "1964"]
[BlackRD "78"]
[GameID "195146"]

1. d4 d5 2. c4 e6 3. Nc3 c5 4. cxd5 cxd4 5. Qa4+ Nd7 6. Nb5 Nc5 7. Nc7+ Ke7 8. d6+ Kxd6 9. Qxd4+ Kxc7 10. Bf4+ Bd6
11. Qxc5+ Kd7 12. Rd1 Ke8 13. Rxd6 Bd7 14. e4 Nf6 15. Bd3 b6 16. Qb4 Rb8 17. Nf3 Nh5 18. Rxd7 Qxd7 19. Bb5
1-0

[Event "Thematic Tarrasch Memorial"]
[Site "SchemingMind.com"]
[Date "2009.03.05"]
[Round "-"]
[White "marekj"]
[Black "badbishop"]
[Result "1-0"]
[WhiteCountry "INT"]
[BlackCountry "POL"]
[WhiteElo "2324"]
[WhiteRD "75"]
[BlackElo "2248"]
[BlackRD "76"]
[GameID "195147"]

1. d4 d5 2. c4 e6 3. Nc3 c5 4. cxd5 exd5 5. Nf3 Nc6 6. g3 Nf6 7. Bg2 Be7 8. O-O O-O 9. Bg5 cxd4 10. Nxd4 h6
11. Be3 Re8 12. Qa4 Bd7 13. Rac1 Na5 14. Qc2 Rc8 15. Qd3 Nc4 16. Nxd5 Nxd5 17. Bxd5 Nxe3 18. Qxe3 Bf6 19. Qd3 Bh3 20. Rxc8 Qxc8
21. Rd1 Rd8 22. Qb3 Qd7 23. e4 Kh8 24. Nc2 Qg4 25. Re1 b6 26. Ne3 Qg6 27. Ng2 Be5 28. Bxf7 Qf6 29. Bd5 Rf8 30. Re2 g5
31. Ne3 Bd4 32. Qc2 Rc8 33. Qb1 Qf3 34. Qe1 Rc5 35. a3 Qf6 36. b4 Rc7 37. Nf5 Bc3 38. Qb1 Bg4 39. Ra2 Bh3 40. Bb3 Rd7
41. Qc1 Re7 42. Rd2
1-0

[Event "Thematic Tarrasch Memorial"]
[Site "SchemingMind.com"]
[Date "2009.03.04"]
[Round "-"]
[White "marekj"]
[Black "smothered mate"]
[Result "1-0"]
[WhiteCountry "INT"]
[BlackCountry "POL"]
[WhiteElo "2176"]
[WhiteRD "88"]
[BlackElo "1868"]
[BlackRD "56"]
[GameID "195148"]

1. d4 d5 2. c4 e6 3. Nc3 c5 4. cxd5 exd5 5. Nf3 Nc6 6. g3 Nf6 7. Bg2 Be7 8. O-O O-O 9. Bg5 Bg4 10. dxc5 d4
11. Bxf6 gxf6 12. Na4 Qa5 13. Nxd4 Rfd8 14. Bxc6 bxc6 15. Nxc6 Rxd1 16. Nxa5 Rd2 17. b4 Bxe2 18. Rfe1 Bf8 19. Nb3 Rc2 20. Nd4 Bd3
21. Nxc2 Bxc2 22. Nc3 a5 23. Nd5 Kg7 24. Rac1 Ba4 25. Nb6
1-0

[Event "Thematic Tarrasch Memorial"]
[Site "SchemingMind.com"]
[Date "2009.03.06"]
[Round "-"]
[White "marekj"]
[Black "waldron"]
[Result "1/2-1/2"]
[WhiteCountry "INT"]
[BlackCountry "USA"]
[WhiteElo "2324"]
[WhiteRD "75"]
[BlackElo "2257"]
[BlackRD "67"]
[GameID "195149"]

1. d4 d5 2. c4 e6 3. Nc3 c5 4. cxd5 exd5 5. Nf3 Nf6 6. g3 Nc6 7. Bg2 Be7 8. O-O O-O 9. Bg5 cxd4 10. Nxd4 h6
11. Be3 Re8 12. Qa4 Bd7 13. Rac1 Na5 14. Qc2 Rc8 15. Qd3 Nc4 16. Nxd5 Nxd5 17. Bxd5 Nxe3 18. Qxe3 Rxc1 19. Qxc1 Qb6 20. e3 Rc8
21. Qb1 Bf6 22. b3 Bxd4 23. exd4 Bh3 24. Rd1 Bg4 25. Re1 Qxd4 26. Bxb7 Rd8 27. Be4 Qd2 28. Re3 Bh3 29. Bh7+ Kf8 30. Rd3 Rxd3
31. Bxd3 g6 32. Bf1 Bf5 33. Qa1 Kg8 34. h4 a5 35. a3 Kh7 36. Qe5 Qc1 37. Qd5 Be6 38. Qxa5 Bxb3 39. Qa6 Be6 40. Kg2 Qc5
41. Qd3 Kg7 42. Qe3 Qa5 43. Kh2 Kg8 44. Bg2 g5 45. Be4 gxh4 46. gxh4 Qh5 47. Qg3+ Kf8 48. a4 Ke7 49. Qf4 Qc5 50. Kg3 Qd4
51. Bf3 Qg7+ 52. Kh2 Qc3 53. Bg4 Bxg4 54. Qxg4 Qa5 55. Kg2 Kf8 56. Qf4 Kg7 57. Qg3+ Kh7 58. Qd3+ Kg8 59. Qb5 Qa8+ 60. f3 Qc8
61. a5 Qc2+ 62. Kg3 Qg6+ 63. Kf4 Qf6+ 64. Qf5 Qd4+ 65. Kg3 Qg1+ 66. Kh3 Qf1+ 67. Kg4=
1/2-1/2

[Event "Thematic Tarrasch Memorial"]
[Site "SchemingMind.com"]
[Date "2009.03.06"]
[Round "-"]
[White "riverriver"]
[Black "marekj"]
[Result "0-1"]
[WhiteCountry "USA"]
[BlackCountry "INT"]
[WhiteElo "1881"]
[WhiteRD "72"]
[BlackElo "2247"]
[BlackRD "77"]
[GameID "195150"]

1. d4 d5 2. c4 e6 3. Nc3 c5 4. cxd5 exd5 5. Nf3 Nc6 6. Bg5 Be7 7. Bxe7 Ngxe7 8. e3 c4 9. Be2 a6 10. e4 Be6
11. O-O dxe4 12. Nxe4 O-O 13. Qd2 Bd5 14. Nc3 Bxf3 15. Bxf3 Nxd4 16. Qf4 Ng6 17. Qe3 Re8 18. Ne4 Nc2 19. Qd2 Nxa1 20. Rxa1 Ne5
21. Qc3 Qd3 22. Qxd3 cxd3
0-1

[Event "Thematic Tarrasch Memorial"]
[Site "SchemingMind.com"]
[Date "2009.03.05"]
[Round "-"]
[White "badbishop"]
[Black "marekj"]
[Result "1/2-1/2"]
[WhiteCountry "POL"]
[BlackCountry "INT"]
[WhiteElo "2212"]
[WhiteRD "86"]
[BlackElo "2048"]
[BlackRD "110"]
[GameID "195151"]

1. d4 d5 2. c4 e6 3. Nc3 c5 4. cxd5 exd5 5. Nf3 Nc6 6. Bf4 Nf6 7. e3 cxd4 8. Nxd4 Bb4 9. Bb5 Bd7 10. O-O O-O
11. Rc1 Rc8 12. Nxc6 Bxc6 13. Be2 Re8 14. Qd4 Bxc3 15. Rxc3 Re4 16. Qd1 d4 17. Rc4 dxe3 18. Qxd8+ Rxd8 19. Bxe3 Ree8 20. Rcc1 Nd5
21. Bf3=
1/2-1/2

[Event "Thematic Tarrasch Memorial"]
[Site "SchemingMind.com"]
[Date "2009.03.04"]
[Round "-"]
[White "smothered mate"]
[Black "marekj"]
[Result "0-1"]
[WhiteCountry "POL"]
[BlackCountry "INT"]
[WhiteElo "1928"]
[WhiteRD "56"]
[BlackElo "2118"]
[BlackRD "91"]
[GameID "195152"]

1. d4 d5 2. c4 e6 3. Nc3 c5 4. cxd5 exd5 5. Nf3 Nc6 6. Bf4 Nf6 7. e3 cxd4 8. Nxd4 Bb4 9. Bb5 Bd7 10. O-O O-O
11. Rc1 Rc8 12. a3 Bxc3 13. Rxc3 Ne4 14. Rc1 Qb6 15. Bxc6 bxc6 16. b4 c5 17. bxc5 Rxc5 18. Qd3 Rxc1 19. Rxc1 Qb2 20. Rf1 Rc8
21. Qa6 Nd2 22. Rd1 Rc1 23. Qe2 Qb1
0-1

[Event "Thematic Tarrasch Memorial"]
[Site "SchemingMind.com"]
[Date "2009.03.06"]
[Round "-"]
[White "waldron"]
[Black "marekj"]
[Result "1/2-1/2"]
[WhiteCountry "USA"]
[BlackCountry "INT"]
[WhiteElo "2190"]
[WhiteRD "68"]
[BlackElo "2247"]
[BlackRD "77"]
[GameID "195153"]

1. d4 d5 2. c4 e6 3. Nc3 c5 4. cxd5 exd5 5. Nf3 Nc6 6. g3 Nf6 7. Bg2 Be7 8. O-O O-O 9. Bg5 c4 10. Ne5 Be6
11. Nxc6 bxc6 12. b3 h6 13. Bf4 Qd7 14. bxc4 dxc4 15. Rb1 Rad8 16. Qc2 Nd5 17. Rfd1 Bg4 18. Nxd5 cxd5 19. Re1 Bg5 20. Bxg5 hxg5
21. e4 dxe4 22. Qxc4 Bf3 23. Qb5 g4 24. Qxd7 Rxd7 25. Bxf3 exf3 26. Rbd1 Rb8 27. d5 Rb2 28. a3 f5 29. Rd3 Kf7 30. Red1 g5
31. d6 Kf6 32. Re3=
1/2-1/2

[Event "Thematic Tarrasch Memorial"]
[Site "SchemingMind.com"]
[Date "2009.03.13"]
[Round "-"]
[White "Jose Luis Fonseca Gonzalez"]
[Black "riverriver"]
[Result "0-1"]
[WhiteCountry "NCA"]
[BlackCountry "USA"]
[WhiteElo "2086"]
[WhiteRD "86"]
[BlackElo "1830"]
[BlackRD "68"]
[GameID "196375"]

1. d4 d5 2. c4 e6 3. Nc3 c5 4. cxd5 cxd4 5. Qa4+ Nd7 6. Qxd4 Bc5 7. Qxg7 Qf6 8. Qg3 Nh6 9. dxe6 Qxe6 10. Qg7 Qf6
11. Qxf6 Nxf6 12. Bxh6 Bd7 13. Bg7 Ng4 14. Ne4 Rg8 15. Nxc5 Rxg7
0-1

[Event "Thematic Tarrasch Memorial"]
[Site "SchemingMind.com"]
[Date "2009.03.13"]
[Round "-"]
[White "Jose Luis Fonseca Gonzalez"]
[Black "badbishop"]
[Result "0-1"]
[WhiteCountry "NCA"]
[BlackCountry "POL"]
[WhiteElo "2086"]
[WhiteRD "86"]
[BlackElo "2287"]
[BlackRD "80"]
[GameID "196376"]

1. d4 d5 2. c4 e6 3. Nc3 c5 4. cxd5 exd5 5. Nf3 Nc6 6. g3 Nf6 7. Bg2 Be7 8. O-O O-O 9. Bg5 cxd4 10. Nxd4 h6
11. Be3 Re8 12. Rc1 Bg4 13. h3 Be6 14. Qa4 Nxd4 15. Bxd4 a6 16. Rfd1 Rc8 17. Bxf6 Bxf6 18. Nxd5 Bxd5
0-1

[Event "Thematic Tarrasch Memorial"]
[Site "SchemingMind.com"]
[Date "2009.03.14"]
[Round "-"]
[White "Jose Luis Fonseca Gonzalez"]
[Black "smothered mate"]
[Result "0-1"]
[WhiteCountry "NCA"]
[BlackCountry "POL"]
[WhiteElo "2086"]
[WhiteRD "86"]
[BlackElo "1869"]
[BlackRD "55"]
[GameID "196377"]

1. d4 d5 2. c4 e6 3. Nc3 c5 4. cxd5 exd5 5. Nf3 Nc6 6. g3 Nf6 7. Bg2 Be7 8. O-O O-O 9. Bg5 Be6 10. dxc5 Bxc5
11. Bxf6 gxf6 12. Qd2 Kg7 13. Rad1 d4 14. Na4 Bb4 15. Qf4 Bd6 16. Qh4 Be5
0-1

[Event "Thematic Tarrasch Memorial"]
[Site "SchemingMind.com"]
[Date "2009.03.14"]
[Round "-"]
[White "Jose Luis Fonseca Gonzalez"]
[Black "waldron"]
[Result "0-1"]
[WhiteCountry "NCA"]
[BlackCountry "USA"]
[WhiteElo "2086"]
[WhiteRD "86"]
[BlackElo "2241"]
[BlackRD "65"]
[GameID "196378"]

1. d4 d5 2. c4 e6 3. Nc3 c5 4. cxd5 exd5 5. Nf3 Nc6 6. g3 Nf6 7. Bg2 Be7 8. O-O O-O 9. Bg5 cxd4 10. Nxd4 h6
11. Be3 Re8 12. Rc1 Bf8 13. Nxc6 bxc6 14. Na4 Bd7 15. Bc5 Bg4 16. f3 Bxc5+ 17. Nxc5 Bf5 18. e4 Bg6 19. exd5 cxd5 20. Qd4 Qb6
21. f4 Be4 22. Bh3 Rab8
0-1

[Event "Thematic Tarrasch Memorial"]
[Site "SchemingMind.com"]
[Date "2009.03.13"]
[Round "-"]
[White "Jose Luis Fonseca Gonzalez"]
[Black "marekj"]
[Result "1/2-1/2"]
[WhiteCountry "NCA"]
[BlackCountry "INT"]
[WhiteElo "2299"]
[WhiteRD "102"]
[BlackElo "2247"]
[BlackRD "77"]
[GameID "196379"]

1. d4 d5 2. c4 e6 3. Nc3 c5 4. cxd5 exd5 5. Nf3 Nc6 6. g3 Nf6 7. Bg2 Be7 8. O-O O-O 9. Bg5 c4 10. Ne5 Be6
11. f4 Qc8 12. Bxf6 gxf6 13. Nxc6 bxc6 14. Qc2 f5 15. Rab1 Rb8 16. b3 Rb6 17. bxc4 dxc4 18. e3 Rd8 19. Rfd1 Kg7= 20. Na4 Rb5=
1/2-1/2

[Event "Thematic Tarrasch Memorial"]
[Site "SchemingMind.com"]
[Date "2009.03.14"]
[Round "-"]
[White "riverriver"]
[Black "Jose Luis Fonseca Gonzalez"]
[Result "1-0"]
[WhiteCountry "USA"]
[BlackCountry "NCA"]
[WhiteElo "1830"]
[WhiteRD "68"]
[BlackElo "2086"]
[BlackRD "86"]
[GameID "196380"]

1. d4 d5 2. c4 e6 3. Nc3 c5 4. cxd5 exd5 5. Nf3 Nc6 6. g3 Nf6 7. Bg2 Be7 8. O-O O-O 9. Ne5 Nxd4 10. e3 Nc6
11. Nxc6 bxc6 12. e4 d4 13. e5 Ng4 14. Ne4
1-0

[Event "Thematic Tarrasch Memorial"]
[Site "SchemingMind.com"]
[Date "2009.03.14"]
[Round "-"]
[White "badbishop"]
[Black "Jose Luis Fonseca Gonzalez"]
[Result "1-0"]
[WhiteCountry "POL"]
[BlackCountry "NCA"]
[WhiteElo "2248"]
[WhiteRD "76"]
[BlackElo "2052"]
[BlackRD "83"]
[GameID "196381"]

1. d4 d5 2. c4 e6 3. Nc3 c5 4. cxd5 exd5 5. Nf3 Nc6 6. Bf4 Nf6 7. e3 Be7 8. Bb5 O-O 9. O-O Be6 10. Rc1 c4
11. Bxc6 bxc6 12. h3 Rc8 13. Qa4 Qb6 14. b3 Qb4 15. bxc4 dxc4 16. Bg5 Qxa4 17. Nxa4 c5 18. dxc5 Bxc5 19. Nxc5 Rxc5 20. Bxf6 gxf6
21. Nd4 Kg7 22. Rc2
1-0

[Event "Thematic Tarrasch Memorial"]
[Site "SchemingMind.com"]
[Date "2009.03.15"]
[Round "-"]
[White "smothered mate"]
[Black "Jose Luis Fonseca Gonzalez"]
[Result "1-0"]
[WhiteCountry "POL"]
[BlackCountry "NCA"]
[WhiteElo "1904"]
[WhiteRD "58"]
[BlackElo "2052"]
[BlackRD "83"]
[GameID "196382"]

1. d4 d5 2. c4 e6 3. Nc3 c5 4. cxd5 exd5 5. Nf3 Nc6 6. g3 Nf6 7. Bg2 Be7 8. O-O O-O 9. Bg5 cxd4 10. Nxd4 h6
11. Be3 Re8 12. Qd2 Bg4 13. Rad1 Bb4 14. a3 Bxc3 15. bxc3 Nxd4 16. cxd4 Qe7 17. h3 Be6 18. Qb4 Qd7 19. Kh2 Rac8 20. Qb3 Rc4
21. Rb1
1-0

[Event "Thematic Tarrasch Memorial"]
[Site "SchemingMind.com"]
[Date "2009.03.15"]
[Round "-"]
[White "waldron"]
[Black "Jose Luis Fonseca Gonzalez"]
[Result "1-0"]
[WhiteCountry "USA"]
[BlackCountry "NCA"]
[WhiteElo "2241"]
[WhiteRD "65"]
[BlackElo "2086"]
[BlackRD "86"]
[GameID "196383"]

1. d4 d5 2. c4 e6 3. Nc3 c5 4. cxd5 exd5 5. Nf3 Nc6 6. g3 Nf6 7. Bg2 Be7 8. O-O O-O 9. Bg5 h6 10. Bxf6 Bxf6
11. dxc5 Be6 12. Rc1 Qa5 13. Nxd5 Bxb2 14. Rb1 Ba3 15. Rxb7 Rfd8 16. e4 Bxc5 17. Qc2
1-0

[Event "Thematic Tarrasch Memorial"]
[Site "SchemingMind.com"]
[Date "2009.03.14"]
[Round "-"]
[White "marekj"]
[Black "Jose Luis Fonseca Gonzalez"]
[Result "1-0"]
[WhiteCountry "INT"]
[BlackCountry "NCA"]
[WhiteElo "2269"]
[WhiteRD "77"]
[BlackElo "2086"]
[BlackRD "86"]
[GameID "196384"]

1. d4 d5 2. c4 e6 3. Nc3 c5 4. cxd5 exd5 5. Nf3 Nc6 6. g3 Nf6 7. Bg2 Be7 8. O-O O-O 9. Bg5 cxd4 10. Nxd4 h6
11. Be3 Re8 12. Qa4 Na5 13. Rfd1 Bd7 14. Qc2 Rc8 15. Nf5 Be6 16. Nxe7+ Qxe7 17. Rac1 Nc6 18. Qa4 Red8 19. h3 b6 20. Kh2 Kh7
21. Rd2 Kg8 22. Rcd1 Ne5 23. Nxd5 Nxd5 24. Bxd5
1-0

[Event "Thematic Tarrasch Memorial"]
[Site "SchemingMind.com"]
[Date "2009.03.20"]
[Round "-"]
[White "klagefall"]
[Black "riverriver"]
[Result "1-0"]
[WhiteCountry "GER"]
[BlackCountry "USA"]
[WhiteElo "2060"]
[WhiteRD "60"]
[BlackElo "1683"]
[BlackRD "68"]
[GameID "196567"]

1. d4 d5 2. c4 e6 3. Nc3 c5 4. cxd5 cxd4 5. Qxd4 Nc6 6. Qd1 exd5 7. Qxd5 Be6 8. Qxd8+ Rxd8 9. e3 Nb4 10. Bb5+ Ke7
11. Kf1 Nc2 12. Rb1 a6 13. Ba4 Nb4 14. Bb3 Bxb3 15. axb3 Ke8 16. Nf3 g6 17. Ke2 Bg7 18. Rd1 Rxd1 19. Nxd1 Nf6 20. Bd2 a5
21. Bxb4 axb4 22. Ra1 Ke7 23. Ra5 b6 24. Rb5 Nd7 25. Rxb4 Rb8 26. Rb5 Ra8 27. Nd2 Ra1 28. Nc4 Ra2 29. Kd3 Ra1 30. Kc2 f5
31. Nxb6 Nxb6 32. Rxb6 Ra7 33. Nc3 Rc7 34. b4 Be5 35. g3 Rd7 36. Rb5 Bg7 37. Rd5 Rxd5 38. Nxd5+ Kd6 39. Nc3 Bf6 40. Kd3 Bg7
41. Kc4 h5 42. b5 Kc7 43. Nd5+
1-0